000 00683nam a2200217Ii 4500
003 JO-AjNU
008 230605s9999||||xx |||||||||||||| ||und||
017 _a2004/7/1747
040 _aJO-AjNU
_bara
_erda
_cJO-AjNU
041 _aara
050 1 4 _aTJ1160.A3522 2004
100 3 _aاحمد، عبدالفتاح حسن,
_eauthor
_916394
245 0 0 _aالمشاغل الهندسية
250 _aط1
264 3 1 _aعمان:مكتبة المجتمع العربي، 2004
300 _a172ص
336 _atext
_btxt
_2rdacontent
337 _aunmediated
_bn
_2rdamedia
338 _avolume
_bnc
_2rdacarrier
650 4 _aميكانيكا الآلآت-هندسة الآلآت
_916395
999 _aA4847
_c8415
_d8415